Normal view
MARC view
- Suryaprakash, M.V Murthy, J.R.K Kumar, P.V Shashi
Entry Personal Name
001 - CONTROL NUMBER
- control field: 62520
003 - CONTROL NUMBER IDENTIFIER
- control field: NUST
005 - DATE AND TIME OF LATEST TRANSACTION
- control field: 20210628202943.0
008 - FIXED-LENGTH DATA ELEMENTS
- fixed length control field: 210628|| aca||aabn | a|a d
040 ## - CATALOGING SOURCE
- Original cataloging agency: NUST
- Transcribing agency: NUST
100 ## - HEADING--PERSONAL NAME
- Personal name: Suryaprakash, M.V Murthy, J.R.K Kumar, P.V Shashi
670 ## - SOURCE DATA FOUND
- Source citation: Work cat.: (NUST): Suryaprakash, M.V Murthy, J.R.K Kumar, P.V Shashi, Precision engineering proceedings of the third national conference on precision engineering,december 19-20,2003, 2004
